| 000 | 01043nam a2200241 a 4500 | ||
|---|---|---|---|
| 001 | 000023508 | ||
| 005 | 20200930022253.0 | ||
| 008 | 101210s1974 ag 000 0 spa d | ||
| 040 |
_aDO-SdBNP _bspa _cBNPHU |
||
| 041 | 1 | 7 |
_aspa _heng _2Código de idiomas MARC |
| 082 |
_ann* _bnn* |
||
| 100 | 1 |
_aSmith, Lee L. _948440 |
|
| 240 | 1 | 0 |
_aA practical approach to the nongraded elementary school. _lEspañol |
| 245 | 1 | 3 |
_aLa realidad de la escuela sin grados / _cLee L. Smith ; prefacio John l. Carnochan ; traducción Aníbal C. Leal. |
| 260 |
_aBuenos Aires : _bÁngel Estrada y Cía ; _bCentro Regional de Ayuda Técnica. Agencia para el Desarrollo Internacional, _c1974. |
||
| 300 |
_a245 p. : _bil. ; _c19 cm. |
||
| 490 | 1 | _aBiblioteca de Ciencias de la Educación | |
| 534 |
_aTítulo de la obra en inglés : _tA practical approach to the nongraded elementary school |
||
| 700 | 1 |
_aCarnochan, John L., _epról. _948450 |
|
| 700 | 1 |
_aLeal, Aníbal C., _etr. _945906 |
|
| 830 | 0 |
_aBiblioteca de Ciencias de la Educación _948443 |
|
| 049 | _aBNGR | ||
| 999 |
_c23004 _d23004 |
||